000 00449nab a22001577a 4500
001 T027600010269-10
008 190830b xxu||||| |||| 00| 0 esp |
040 _aFEVP
_cFEVP
100 _aPatricio Molina, Juan.
245 _aEl gobierno nacional y los Departamentos frente al proceso de descentralización.
300 _app. 269-278
650 _aHábitos Alimenticios
650 _aCocina--Historia
650 _aAlimentos--Historia
942 _cANL
999 _c12996
_d12996